• 首页
  • 本馆介绍
  • 公告通知
  • 最新文献
  • 馆藏检索
  • 电子资源
  • 读者导购
  • 参考咨询
  • 我的图书馆
  • 登录
  • 详细信息显示
  • 放入我的书架
  • 预约/预借图书
  • 作者相关作品
  • 分类相关作品
  • 丛书相关作品
  • 出版社相关作品

书目信息

  • 表格格式
  • 工作单格式
  • 卡片格式
题名:
在洛杉矶的日日夜夜
    
 
作者: ;奥运会 , 中国奥委会新闻委员会
分册:  
出版信息: 北京   中国广播电视出版社  1984
页数: 298页
开本: 19cm
丛书名:
单 册:
中图分类: G811.211
科图分类:
主题词:
电子资源:
ISBN:
000 00868nam0 2200253 45
001 0184003065
005 20060911171046.92
010    @dCNY1.30
091    @aCN@b7236.042
100    @a19950526d1984 em y0chiy0121 ea
101 0  @achi
102    @aCN@b110000
105    @af 100yy
200 10 @a在洛杉矶的日日夜夜@Azai luo sha ji de ri ri ye ye@e中国体育代表团参加第23届奥运会@f中国奥委会新闻委员会编
210    @a北京@c中国广播电视出版社@d1984
215    @a298页@c彩图@d19cm
517 1  @a中国体育代表团参加第23届奥运会@Azhong guo ti yu dai biao tuan can jia di 23 jie ao yun hui
601 12 @a夏季奥运会,第23届@x通俗读物
690    @aG811.211@v3
711 12 @a奥运会@d23@e洛杉矶
711 02 @a中国奥委会新闻委员会@Azhong guo ao wei hui xin wen wei yuan hui@4编
801  0 @aCN@bTSSF@c20060911
801  2 @aCN@bNLC@c20060731
905    @a10447@dG811.211@e29
    
    在洛杉矶的日日夜夜:中国体育代表团参加第23届奥运会/中国奥委会新闻委员会编.-北京:中国广播电视出版社,1984
    298页:彩图;19cm
    
    
    ISBN :CNY1.30
    
●
相关链接 在E读中查询图书 在五车中查询图书 在当当中查询图书 在豆瓣中查询图书


正题名:在洛杉矶的日日夜夜     索取号:G811.211/29         预约/预借

序号 登录号 条形码 馆藏地/架位号 状态 备注
1 0440808   204408088   密集书库/ [索取号:G811.211/29] 在馆    
2 0472064   204720640   密集书库/ [索取号:G811.211/29] 在馆    
唐山师范学院图书馆 欢迎您!
大连网信软件有限公司© 版权所有